Impresiones del viaje de circunnavegación en la fragata blindada Numancia / (Record no. 156084)
[ view plain ]
| 000 -LEADER | |
|---|---|
| campo de control de longitud fija | 00770nam a2200193 i 4500 |
| 001 - NÚMERO DE CONTROL | |
| campo de control | 156084 |
| 003 - IDENTIFICADOR DE NÚMERO DE CONTROL | |
| campo de control | ES-MaACL |
| 005 - FECHA Y HORA DE LA ÚLTIMA TRANSACCIÓN | |
| campo de control | 20230906210320.0 |
| 008 - DATOS DE LONGITUD FIJA--INFORMACIÓN GENERAL | |
| campo de control de longitud fija | 940202s1867 sp |||| |dspa d |
| 100 1# - ENTRADA PRINCIPAL--NOMBRE DE PERSONA | |
| Nombre de persona | Iriondo, Eduardo. |
| 9 (RLIN) | 128200 |
| 245 10 - MENCIÓN DEL TÍTULO | |
| Título | Impresiones del viaje de circunnavegación en la fragata blindada Numancia / |
| Mención de responsabilidad, etc. | por Eduardo Iriondo. |
| 260 ## - PUBLICACIÓN, DISTRIBUCIÓN, ETC. | |
| Lugar de publicación, distribución, etc. | Madrid : |
| Nombre del editor, distribuidor, etc. | [s.n.], |
| Fecha de publicación, distribución, etc. | 1867 ( |
| Fabricante | Imp. de los Señores Gasset, Loma y Compañía, a cargo de Diego Valero) |
| 300 ## - DESCRIPCIÓN FÍSICA | |
| Extensión | 355 p. ; |
| Dimensiones | 18 cm. |
| 530 ## - NOTA DISPONIBLE DE FORMULARIO FÍSICO ADICIONAL | |
| Nota de formato físico adicional disponible | Disponible en formato digital. |
| 610 24 - PUNTO DE ACCESO ADICIONAL DE MATERIA--NOMBRE DE ENTIDAD CORPORATIVA | |
| Nombre de entidad corporativa o nombre de jurisdicción como elemento de entrada | Numancia (Barco) |
| 9 (RLIN) | 146836 |
| 650 04 - PUNTO DE ACCESO ADICIONAL DE MATERIA--TÉRMINO DE MATERIA | |
| Término de materia o nombre geográfico como elemento de entrada | Viajes alrededor del mundo- |
| Subdivisión cronológica | S.XIX. |
| 9 (RLIN) | 151090 |
| 852 ## - LOCALIZACIÓN | |
| Ubicación | ES-MaACL |
| Número de control de estantería | C-3537 |
| 856 ## - LOCALIZACIÓN Y ACCESO ELECTRÓNICOS | |
| Identificador Uniforme de Recursos | <a href="http://bdh-rd.bne.es/viewer.vm?id=0000039081&page=1 ">http://bdh-rd.bne.es/viewer.vm?id=0000039081&page=1 </a> |
| Nota pública | Biblioteca Digital Hispánica |
| Estatus retirado | Estado de pérdida | Estado de daño | No para préstamo | Colección | Biblioteca de origen | Biblioteca actual | Ubicación en estantería | Fecha de adquisición | Fuente de adquisición | Total de préstamos | Signatura topográfica completa | Código de barras | Visto por última vez | Precio de reemplazo | Tipo de ítem Koha |
|---|---|---|---|---|---|---|---|---|---|---|---|---|---|---|---|
| Colección digital | Biblioteca del Ateneo de Madrid | Biblioteca del Ateneo de Madrid | Sala Palomar | 17/01/2008 | C-3537 | 1163292 | 23/02/2023 | 23/02/2023 | Libro impreso antiguo |
